| 000 | 00679cas a22002295a 4500 | ||
|---|---|---|---|
| 001 | ##L115547 | ||
| 008 | 011112c1989 xxkmr p 0 a0eng u | ||
| 022 | 1 | _a0957-7033 | |
| 035 | _a(Sirsi) u115547 | ||
| 041 | 0 | _aeng | |
| 110 | 2 |
_aAssociation for Project Management _93835 |
|
| 245 | 0 | 0 |
_aProject _bMagazine of the Association for Project Management |
| 260 |
_aLeighton Buzzard _bImpact _c1989- |
||
| 362 | _aNovember 2001- | ||
| 510 | 2 |
_aKnowledge Alert _c2006- |
|
| 520 | _aKept for one year | ||
| 554 | _a10 per year | ||
| 651 | 4 |
_aUnited Kingdom _y |
|
| 690 |
_aProject management _96261 |
||
| 780 | 0 | 0 | _tBulletin of the Association of Project Managers |
| 942 | _n0 | ||
| 999 |
_c118746 _d118746 |
||